01330nam a22002895a 450000500170000000800410001702000240005802000240008204000380010608200260014410000400017024500790021026001170028930000330040649000790043950000240051850001090054250400300065165000690068165100100075065300340076070000300079470000320082494200080085699900170086495201590088120160121145429.0150705s2013 at a frb 001 0 eng d a9780415866231 (pbk) a9780415274616 (hbk) aEG-ScBUEbengcEG-ScBUEdEG-ScBUE04222a382.42282072bCRE1 aCrémer, Jacques,939136d1949-10aModels of the oil market / cJacques Crémer and Djavad Salehi-Isfahani.  a[Canberra] : bHarwood Academic Publishers ; aOxon ;aNew York : bRoutledge / Taylor & Francis Group,c2013. aix, 106 p. :bill. ;c23 cm.0 aHarwood fundamentals of pure and applied economics, x0191-1708 ; vv. 44. aIndex : p. 105-106. aTitle page: "A volume in the Natural Resources and Environmental Economics section edited by C. Henry".  aBibliography : p. 98-103. 72BUEshaPetroleum industry and tradexMathematical models.939137 2BUEsh bBUSADMcJuly2015cJanuary20161 aSalehi-Isfahani, Djavad, 1 aHenry, C., eeditor. 97179 2ddc c20171d20143 00102ddc40708BaccahaMAINbMAINc1STd2015-07-05ePurchaseg274.00h22353l1o382.42282072 CREp000038899r2025-07-15 00:00:00s2016-03-21v343.00yBB